000 00320nam a22001217a 4500
999 _c53
_d53
005 20200811151722.0
008 200805b ||||| |||| 00| 0 eng d
020 _a07025608
040 _cCML
245 _aThe Meaning of Dreams.
_c Hall, C.S.
260 _aLondon
_bSydney
_c1953
942 _2ddc
_cBK
_h154
_mHAL